Statistics for Countries in 2017 UK Open

Click here to take the quiz!

General Stats

  • This quiz has been taken 20 times
  • The average score is 10 of 13

Answer Stats

PlayersAnswer% Correct
82England
94%
9Wales
94%
7Scotland
94%
3Ireland
94%
2Spain
94%
2Australia
94%
2Belgium
94%
14Netherlands
88%
2Northern Ireland
81%
1Austria
63%
1South Africa
56%
1Greece
44%
2Hong Kong
25%

Score Distribution

Percentile by Number Answered

Percent of People with Each Score

Your Score History

You have not taken this quiz